• 首页
  • 本馆介绍
  • 公告通知
  • 最新文献
  • 馆藏检索
  • 电子资源
  • 读者导购
  • 参考咨询
  • 我的图书馆
  • 登录
  • 详细信息显示
  • 放入我的书架
  • 预约/预借图书
  • 作者相关作品
  • 分类相关作品
  • 丛书相关作品
  • 出版社相关作品

书目信息

  • 表格格式
  • 工作单格式
  • 卡片格式
题名:
经济犯罪的新视角
    
 
作者: 舍格伦 , Sjogren , 斯科格 , Sjogren 编 ;陈晓芳 , 廖志敏 译
分册:  
出版信息: 北京   北京大学出版社  2006
页数: 194页
开本: 24cm
丛书名: 刑事法译丛
单 册:
中图分类: D914.04
科图分类:
主题词: 经济--刑事犯罪--研究 , 经济 , 刑事犯罪
电子资源:
ISBN: 7-301-11100-2
000 01316oam2 2200349 450
001 012007060902
005 20070522164051.25
010    @a7-301-11100-2@dCNY20.00
100    @a20070515d2006 km y0chiy0120 ea
101 1  @achi@cswe
102    @aCN@b110000
105    @ay z 001yy
106    @ar
200 1  @a经济犯罪的新视角@Ajing ji fan zui de xin shi jiao@f(瑞典)汉斯·舍格伦, 约兰·斯科格编@F(rui dian)han si·she ge lun,yue lan·si ke ge bian@g陈晓芳,廖志敏译@Gchen xiao fang,liao zhi min yi
210    @a北京@c北京大学出版社@d2006
215    @a194页@d24cm
225 2  @a刑事法译丛
330    @a本书作者运用各种科学视角,充分展示了经济犯罪研究领域的最新进展,主要涉及的领域包括:公司犯罪的经济学、管制的实施、环境犯罪的法律和经济学、公司欺诈和逃税、经济犯罪的历史。
461  0 @12001 @a刑事法译丛
510 1  @aNew perspectives on economic crime@zeng
606 0  @a经济@x刑事犯罪@x研究
606 0  @a经济
606 0  @a刑事犯罪
690    @aD914.04@v4
701  1 @c(瑞典)@a舍格伦@Ashe ge lun@b汉斯@4编
701  1 @c(瑞典)@aSjogren@bHans@4编
701  1 @c(瑞典)@a斯科格@Asi ke ge@b约兰@4编
701  1 @c(瑞典)@aSjogren@bHans@4编
702  0 @a陈晓芳@Achen xiao fang@c(法学)@4译
702  0 @a廖志敏@Aliao zhi min@c(法学)@4译
801  0 @aCN@bRULIN@c20070522
905    @dD914.04@e329@s8
    
    经济犯罪的新视角/(瑞典)汉斯·舍格伦, 约兰·斯科格编/陈晓芳,廖志敏译.-北京:北京大学出版社,2006
    194页;24cm.-(刑事法译丛)
    
    
    ISBN 7-301-11100-2:CNY20.00
    本书作者运用各种科学视角,充分展示了经济犯罪研究领域的最新进展,主要涉及的领域包括:公司犯罪的经济学、管制的实施、环境犯罪的法律和经济学、公司欺诈和逃税、经济犯罪的历史。
●
相关链接 在E读中查询图书 在五车中查询图书 在当当中查询图书 在豆瓣中查询图书


正题名:经济犯罪的新视角     索取号:D914.04/329         预约/预借

序号 登录号 条形码 馆藏地/架位号 状态 备注
1 0579223   205792230   第一样本阅览室/ [索取号:D914.04/329] 在馆    
2 0579224   205792249   第一借阅区/ [索取号:D914.04/329] 在馆    
3 0579225   205792258   第一借阅区/ [索取号:D914.04/329] 在馆    
4 0579226   205792267   第一借阅区/ [索取号:D914.04/329] 在馆    
5 0579227   205792276   第一借阅区/ [索取号:D914.04/329] 在馆    
6 0579228   205792285   第一借阅区/ [索取号:D914.04/329] 在馆    
7 0579229   205792294   第一借阅区/ [索取号:D914.04/329] 在馆    
8 0579230   205792301   第一借阅区/ [索取号:D914.04/329] 在馆    
唐山师范学院图书馆 欢迎您!
大连网信软件有限公司© 版权所有